00841cam a2200217 a 450000100100000000500170001000800410002704000250006808200200009310000330011324500460014626000660019230000200025849000100027865000240028865000280031283000170034095201230035795201280048099900150060800000861420200929161355.0790515s1977 cu 000 1 spa  aDO-SdBNPbspacBNPHU aCu863.44bM152p1 aMaciá Ferrer, Nora.92304314aLas protagonistas /cNora Maciá Ferrer. aLa Habana :bUnión de Escritores y Artistas de Cuba,c1977. a50 p. ;c18 cm.1 aDavid 4aNovela cubana92316 4aLiteratura cubana91483 0aDavid923044 001052708MOaGRbGRcCTd2009-09-17iLF1l0oCu863.44 M152pp8614-10r2020-06-25w2020-06-25y2ZPréstamo interno 001053728MOaGRbGRcCTd2009-09-19iLF1l0oCu863.44 M152pp8614-20r2020-06-25te.2w2020-06-25y2ZPréstamo interno c8384d8384